是谁拿走了那一双雪靴 (Record no. 11132)

000 -LEADER
fixed length control field 00479nam a22001937a 4500
003 - CONTROL NUMBER IDENTIFIER
control field MPLRDC
005 - DATE AND TIME OF LATEST TRANSACTION
control field 20220104123411.0
008 - FIXED-LENGTH DATA ELEMENTS--GENERAL INFORMATION
fixed length control field 210129b ||||| |||| 00| 0 eng d
020 ## - INTERNATIONAL STANDARD BOOK NUMBER
International Standard Book Number 962-451-414-3
082 ## - DEWEY DECIMAL CLASSIFICATION NUMBER
Classification number 848.3 ZXX v.2
100 ## - MAIN ENTRY--PERSONAL NAME
Personal name 张小娴著
245 ## - TITLE STATEMENT
Title 是谁拿走了那一双雪靴
Statement of responsibility, etc.
250 ## - EDITION STATEMENT
Edition statement 初版二刷
260 ## - PUBLICATION, DISTRIBUTION, ETC.
Place of publication, distribution, etc.
Name of publisher, distributor, etc. 皇冠出版社
Date of publication, distribution, etc. 1996
300 ## - PHYSICAL DESCRIPTION
Other physical details
490 ## - SERIES STATEMENT
Series statement 皇冠丛书;415
650 ## - SUBJECT ADDED ENTRY--TOPICAL TERM
Topical term or geographic name entry element 现代别集
942 ## - ADDED ENTRY ELEMENTS (KOHA)
Koha item type Book
-- 848.3 ZXX v.2
Holdings
Withdrawn status Lost status Source of classification or shelving scheme Damaged status Not for loan Collection code Home library Current library Shelving location Date acquired Cost, normal purchase price Total Checkouts Full call number Barcode Date last seen Date last checked out Price effective from Koha item type Public note
            Malaysian Public Library, Research and Development Centre Malaysian Public Library, Research and Development Centre   10/12/2007 17.00   848.3 ZXX v.2 00011145 17/03/2021 07/08/2018 17/03/2021 Book mplrdc

© 2022. Malaysian Public Library, Research and Development Centre. All Right ReservedE-mailmplrdc@help.edu.my 

Powered by Koha